Návrh bioreaktora na kultiváciu Escherichia coli

Gespeichert in:
Bibliographische Detailangaben
1. Verfasser: Vargai, Peter (Verfasst von)
Weitere Verfasser: Ačai, Pavel (Betreuung Doktorarbeit)
Format: Manuskript Buch
Sprache:Slowakisch
Veröffentlicht: 2015
Schlagworte:
Online-Zugang:http://is.stuba.sk/zp/portal_zp.pl?podrobnosti=101526
Tags: Tag hinzufügen
Keine Tags, Fügen Sie das erste Tag hinzu!

MARC

LEADER 00000ntm a22000003a 4500
001 stuzp53033
003 SK-STU
005 20160719154345.5
007 ta
008 150427s2015----xo-----f-mn---000-0-slo-d
040 |a STU  |b slo 
041 0 |a slo 
100 1 |a Vargai, Peter  |u 046230  |4 aut  |U FCHPT Ústav chemického a environmentálneho inžinierstva  |T FCHPT Oddelenie chemického a biochemického inžinierstva  |X 60946  |U C6230  |Y 119  |7 60946 
242 0 1 |a Escherichia coli bioreactor cultivation design  |y eng 
245 1 0 |a Návrh bioreaktora na kultiváciu Escherichia coli 
260 |c 2015 
650 4 |a Escherichia coli  |2 slo 
650 4 |a prítokový miešaný bioreaktor  |2 slo 
650 4 |a matematický model  |2 slo 
650 4 |a ekonomická bilancia  |2 slo 
650 4 |a Escherichia coli  |2 eng 
650 4 |a fed-batch stirred bioreactor  |2 eng 
650 4 |a mathematical model  |2 eng 
650 4 |a economic balance  |2 eng 
700 1 |a Ačai, Pavel  |4 ths  |X 4436  |7 A000004436 
856 4 |u http://is.stuba.sk/zp/portal_zp.pl?podrobnosti=101526 
SQL |a stuzp53033  |b DBP  |c SLO  |d Návrh bioreaktora na kultiváciu Escherichia coli  |e 60946  |f Vargai, Peter  |g 046230  |h 4436  |i Ačai, Pavel  |j 20150714  |k 106  |l 04  |m http://is.stuba.sk/zp/portal_zp.pl?podrobnosti=101526  |n B-CHI  |o 5.2.17. chemické inžinierstvo